Logo CIB grande

EL PÀRAMO DEL CAJA: UNA INVALUABLE FUENTE DE AGUA EN RIESGO (Registro nro. 235988)

Detalles MARC
000 -LEADER
campo de control de longitud fija 00735nam a2200253Ia 4500
005 - FECHA Y HORA DE LA ÚLTIMA TRANSACCIÓN
campo de control 20250425162750.0
008 - DATOS DE LONGITUD FIJA--INFORMACIÓN GENERAL
campo de control de longitud fija 250425s9999 xx 000 0 und d
020 ## - NÚMERO INTERNACIONAL ESTÁNDAR DEL LIBRO
Número Internacional Estándar del Libro 9789978143711
041 ## - CÓDIGO DE IDIOMA
Código de lengua del texto/banda sonora o título independiente spa
043 ## - CÓDIGO DE ÁREA GEOGRÁFICA
Código de área geográfica ec
082 ## - NÚMERO DE LA CLASIFICACIÓN DECIMAL DEWEY
Número de clasificación 577.5
010 ## - NÚMERO DE CONTROL DE LA BIBLIOTECA DEL CONGRESO
Número de control de LC 106845
100 ## - ENTRADA PRINCIPAL--NOMBRE DE PERSONA
Nombre de persona ROLDAN MAONSALVE, DIEGO
245 #0 - MENCIÓN DEL TÍTULO
Título EL PÀRAMO DEL CAJA: UNA INVALUABLE FUENTE DE AGUA EN RIESGO
250 ## - MENCION DE EDICION
Mención de edición 1A ED
260 ## - PUBLICACIÓN, DISTRIBUCIÓN, ETC.
Lugar de publicación, distribución, etc. CUENCA
260 ## - PUBLICACIÓN, DISTRIBUCIÓN, ETC.
Lugar de publicación, distribución, etc. Ecuador
Nombre del editor, distribuidor, etc. FACULTAD DE CIENCIAS ECONOMICAS Y ADMINISTRATIVAS UNIVERSIDAD DE CUENCA
Fecha de publicación, distribución, etc. 2017
300 ## - DESCRIPCIÓN FÍSICA
Extensión 278
500 ## - NOTA GENERAL
Nota general DONADO POR UNIVERSIDAD DE CUENCA
650 ## - PUNTO DE ACCESO ADICIONAL DE MATERIA--TÉRMINO DE MATERIA
Término de materia o nombre geográfico como elemento de entrada ECONOMIA ECOLOGICA
650 ## - PUNTO DE ACCESO ADICIONAL DE MATERIA--TÉRMINO DE MATERIA
Término de materia o nombre geográfico como elemento de entrada RECURSOS HIDRICOS
650 ## - PUNTO DE ACCESO ADICIONAL DE MATERIA--TÉRMINO DE MATERIA
Término de materia o nombre geográfico como elemento de entrada VALORACION ECONOMICA DE RECURSOS NATURALES
942 ## - ELEMENTOS DE ENTRADA SECUNDARIOS (KOHA)
Tipo de ítem Koha Libros
Existencias
Estatus retirado Estado de pérdida Estado de daño No para préstamo Biblioteca de origen Biblioteca actual Fecha de adquisición Coste, precio normal de compra Total de préstamos Código de barras Copia número Nota pública
        ESCUELA DE NEGOCIOS ESCUELA DE NEGOCIOS 04/10/2018 5.00   D-P 13778 1 DONADO

Copyright 2025 ESPOL. Todos los derechos reservados.